He-Man and the Masters of the Universe Evil Warriors Quiz Stats

 Plays Quiz not verified by Sporcle

Support Sporcle.
Go Orange.
Score 0/13 Timer 02:00
0 Plays Today
% Correct
Skeletor
97.2%
Beast Man
95.3%
Evil-Lyn
89.6%
Mer-Man
86.3%
Trap Jaw
76.3%
Tri-Klops
70.6%
Clawful
58.8%
Whiplash
58.8%
Jitsu
53.6%
Webstor
52.6%
Faker
46%
Kobra Khan
43.6%
Battle Armor Skeletor
20.9%

You're not logged in!

Compare scores with friends on all Sporcle quizzes.
OR
Log In

From the Vault

Billboard Top Songs (2011)

by rockgolf

We're still waiting for that Men Without Hats comeback album.
Remove Ads.
Support Sporcle.
Get the best of Sporcle when you Go Orange. This ad-free experience offers more features, more stats, and more fun while also helping to support Sporcle. Thank you for becoming a member.

Show Comments

Extras

Created Feb 14, 2011ReportNominate

Top Quizzes Today


Score Distribution

Your Account Isn't Verified!

In order to create a playlist on Sporcle, you need to verify the email address you used during registration. Go to your Sporcle Settings to finish the process.

Report this User

Report this user for behavior that violates our Community Guidelines.

Details: